| 000 | 00405cam a2200169ua 4500 | ||
|---|---|---|---|
| 020 | _c1.50 | ||
| 041 |
_amal _h |
||
| 082 |
_a894.812308 _bMOI/AK |
||
| 100 | _aMoidu, Padiyath . | ||
| 245 |
_aAkalunna Bandangal / _cMoidu Padiyath. _hTextual Documents |
||
| 260 |
_aCalicut : _bP.K Brothers , _c1961. |
||
| 300 | _a210 ; . | ||
| 365 | _a1.50 | ||
| 504 | _a | ||
| 942 | _cBK | ||
| 999 |
_c4257 _d4257 |
||